| 000 | 00364cam a22001337a 4500 | ||
|---|---|---|---|
| 008 | 180718b2001 xxu||||| |||| 00| 0 eng d | ||
| 020 | _a8176210234 | ||
| 082 | _aA99 K143 | ||
| 100 | _aKaran Singh | ||
| 245 |
_aAs I see it: the Karan Singh reader _cby Karan Singh |
||
| 260 |
_aDelhi _bFull Circle _c2001 |
||
| 300 | _a275p. | ||
| 650 | _aKaran Singh - Autobiography | ||
| 999 |
_c398487 _d398487 |
||